2025-2026 Miami Dolphins Roster - Statistics

General Stats
  • This quiz has been taken 51 times
  • The average score is 14 of 65
Answer Stats
Hint Answer % Correct
RB De'Von Achane
100%
QB Tua Tagovailoa
100%
QB Quinn Ewers
92%
QB Zach Wilson
84%
WR Tyreek Hill
79%
WR Jaylen Waddle
76%
TE Darren Waller
45%
WR Malik Washington
45%
FB Alec Ingold
42%
RB Jaylen Wright
42%
RB Ollie Gordon II
32%
S Minkah Fitzpatrick
29%
WR Tahj Washington
29%
C Aaron Brewer
26%
RB Alexander Mattison
26%
TE Julian Hill
26%
WR Nick Westbrook-Ikhine
26%
T Patrick Paul
26%
DE Bradley Chubb
24%
DE Chop Robinson
24%
K Jason Sanders
24%
DT Zach Sieler
24%
P Jake Bailey
21%
K Riley Patterson
21%
T Austin Jackson
18%
G Jonah Savaiinaea
18%
LB Jordyn Brooks
18%
CB Kader Kohou
18%
DT Kenneth Grant
18%
LB Tyrel Dodson
18%
CB Ethan Bonner
16%
CB Jack Jones
16%
LS Joe Cardona
16%
DT Benito Jones
13%
WR Dee Eskridge
13%
G James Daniels
13%
CB Jason Marshall
13%
DT Jordan Philips
13%
G Liam Eichenberg
13%
CB Rasul Douglas
13%
CB Storm Duck
13%
LB Willie Gay
13%
S Ashtyn Davis
11%
S Ifeatu Melifonwu
11%
T Larry Borom
11%
LB Cameron Goode
8%
G Cole Strange
8%
LB K.J. Britt
8%
DT Zeek Biggers
8%
C Andrew Meyer
5%
CB Dante Trader
5%
CB JuJu Brents
5%
G Kion Smith
5%
DE Matt Judon
5%
CB Artie Burns
3%
C Daniel Brunskill
3%
S Elijah Campbell
3%
LB Jaelan Philips
3%
T Kendall Lamm
3%
TE Tanner Conner
3%
CB Cornell Armstrong
0%
T Germain Ifedi
0%
TE Jalin Conyers
0%
DT Matthew Butler
0%
T Yodny Cajuste
0%
No matching quizzes found
Score Distribution
Percent of People with Each Score
Percentile by Number Answered
Your Score History
You have not taken this quiz